000 00444nam a22001577a 4500
003 BD-ChCU
005 20251125112616.0
008 251125b bg ||||| |||| 00| 0 ben d
040 _cBD-ChCU
082 _222
_a523.3 SLM
245 _aThe moon in fact and fancy /
_cAlfred Slote and John Kaufmann
260 _aCleveland :
_bWorld Pub.,
_c1967
650 0 _aMoon
_916845
700 _aKaufmann, John
_eJt. Author
_916847
942 _2ddc
_cBK
_n0
999 _c109800
_d109800